Commercial Leases (Record no. 118737)

MARC details
000 -LEADER
fixed length control field 00528cas a22001815a 4500
001 - CONTROL NUMBER
control field L112234
008 - FIXED-LENGTH DATA ELEMENTS--GENERAL INFORMATION
fixed length control field 070612c1987 xxkmr p 0 a0eng u
022 1# - INTERNATIONAL STANDARD SERIAL NUMBER
International Standard Serial Number 0951-9556
035 ## - SYSTEM CONTROL NUMBER
System control number (Sirsi) u112234
041 0# - LANGUAGE CODE
Language code of text/sound track or separate title eng
245 00 - TITLE STATEMENT
Title Commercial Leases
260 ## - PUBLICATION, DISTRIBUTION, ETC.
Place of publication, distribution, etc. Colchester
Name of publisher, distributor, etc. Informa
Date of publication, distribution, etc. 1987-
362 ## - DATES OF PUBLICATION AND/OR SEQUENTIAL DESIGNATION
Dates of publication and/or sequential designation 15(3) May 2001-
554 ## -
-- 12 per year
651 #4 - SUBJECT ADDED ENTRY--GEOGRAPHIC NAME
Geographic name England and Wales
Chronological subdivision 1543-
690 ## - LOCAL SUBJECT ADDED ENTRY--TOPICAL TERM (OCLC, RLIN)
Topical term or geographic name as entry element PROPERTY-COMMERCIAL PROPERTY-LEASEHOLD COMMERCIAL PROPERTY-COMMERCIAL LANDLORD AND TENANT-COMMERCIAL LEASES
942 ## - ADDED ENTRY ELEMENTS (KOHA)
Suppress in OPAC 0
Holdings
Withdrawn status Lost status Source of classification or shelving scheme Damaged status Not for loan Home library Current library Shelving location Date acquired Total Checkouts Full call number Barcode Date last seen Price effective from Koha item type
    Dewey Decimal Classification     London London Gallery 30/04/2001   COMMERCIAL LEASES 112234-1001 06/08/2019 06/08/2019 Journal